00358nam a2200133Ia 4500008004100000041000800041082001400049100001600063245004500079250001400124260004500138300003000183365001100213240624s9999 xx 000 0 und d aeng a658.3 PAR aPAREEK UDAI aDESIGNING AND MANAGING HUMAN RESOURCE SY a(3rd ed.) c2006aNew DelhibOxford & IBH Publishing axv, , 622 , 25 , p. , cm. cRSb30